01348nam a22001937a 450000500170000000800410001702000150005804000070007308200240008010000170010424500340012126000310015530000290018636500240021552008700023965000110110965000150112070000190113520211116101831.0211116b ||||| |||| 00| 0 eng d a8171671896 cAL 223a913.34003bGARC aJohn Garrett aClassical Dictionary of India aNew DelhibRupa & Coc2001 avii,698p.bHBc23x15 cm. b295.00c₹d295.00 aohn Garrett’s A Classical Dictionary of India and its supplement is a comprehensive reference work on the Hindu, Buddhist and Jaina works of Ancient India. All persons and topics found in there works are described in this book. This work is a dictionary in the sense that the entries are arranged in alphabetical order; actually this is more of an encyclopaedia than a dictionary. Here the topics are dealt with in the manner of an encyclopaedia with the sole aim of giving the user a full picture of the subject; for this reason no restriction has been placed on the description. Quotations from other writers are included where they are necessary for better elucidation. Though diacritical signs are not used for the main entry, they have been used profusely within the definition, thereby helping the reader to pronounce proper nouns correctly without trouble. aTravel aDictionary aGARRETT (John)